Mobilný pracovný stroj - priateľský k životnému prostrediu

Gespeichert in:
Bibliographische Detailangaben
1. Verfasser: Míšaný, Juraj, 1987- (Verfasst von)
Weitere Verfasser: Slovák, Pavol, 1966- (Betreuung Doktorarbeit)
Format: Manuskript Buch
Sprache:Slowakisch
Veröffentlicht: Bratislava : STU v Bratislave SjF, 2010
Schlagworte:
Online-Zugang:VAIS
Tags: Tag hinzufügen
Keine Tags, Fügen Sie das erste Tag hinzu!

MARC

LEADER 00000ntm a22000003a 4500
001 stu210439
005 20200827150228.2
008 100907s2010----xo------------------slo-d
040 |a STU  |b slo 
041 0 |a slo 
044 |a xo 
100 1 |a Míšaný, Juraj,  |d 1987-  |4 aut  |u J0030  |U SjF Strojnícka fakulta  |T SjF Ústav dopravnej techniky a konštruovania  |X 49644  |U J0030  |Y 806  |7 A000049644 
242 0 0 |a industrial machine - friendly to the environment  |y eng 
245 1 |a Mobilný pracovný stroj - priateľský k životnému prostrediu 
260 |a Bratislava :  |b STU v Bratislave SjF,  |c 2010 
650 7 |a životné prostredie  |2 stusub 
650 7 |a olej  |2 stusub 
650 7 |a environment  |2 stusub 
650 7 |a oil  |2 estusub 
700 1 |a Slovák, Pavol,  |d 1966-  |4 ths  |u J0030  |U SjF Strojnícka fakulta  |T SjF Ústav dopravnej techniky a konštruovania  |X 2338  |U J0030  |Y 806  |7 A000002338 
856 4 |a info a plný text  |u http://is.stuba.sk/zp/portal_zp.pl?podrobnosti=48417  |3 VAIS 
996 |b 284J038819  |c J*726/BP  |l JJSK  |s A  |a 24  |w stu210439_0001